00360nam a2200121Ia 4500008004100000100002400041245011300065260001200178260001100190260000900201300000700210650002100217160117s9999 xx 000 0 und d aKarunarathne,N.A.S. aAntibacterial Activity of the Secondary Metabolites of Endolichenic Fungi Isolated from Pseudocypellaria sp. aColombo bIchemc c2009 a67 aPseudocypellaria